000 00337nam a2200121Ia 4500
008 190216s9999||||xx |||||||||||||| ||und||
100 _aDr.K K N Kurup
245 4 _aThe Keyis Of Malabar A Cultural Study
260 _bThe Malabar Institute For Research And Development
_c2008
300 _a115
650 _aIslamic History
942 _cBK
999 _c22820
_d22820